[Event "17th Dubai Chess Open"]
[Site "Dubai UAE"]
[Date "2015.04.12"]
[Round "7.39"]
[White "Siva, Mahadevan"]
[Black "Mohannad, Farhan"]
[Result "1-0"]
[BlackTitle "FM"]
[WhiteElo "2097"]
[BlackElo "2221"]
[WhiteFideId "25043153"]
[BlackFideId "8100918"]
[EventDate "2015.04.06"]

1. e4 g6 2. d4 Bg7 3. Nc3 e6 4. Nf3 Ne7 5. h4 h6 6. Bf4 d6 7. Qd2 a6 8. O-O-O b5
9. e5 d5 10. h5 g5 11. Nxg5 Nd7 12. Nf3 c5 13. dxc5 Nxc5 14. Bd3 Bb7 15. Nd4 Rc8
16. Kb1 Qb6 17. Nce2 Nd7 18. Qe3 b4 19. Rh3 Qc7 20. Nf3 Nc6 21. Rg3 Bf8 22. Rg4
Nb6 23. Bg3 Na4 24. Qf4 Be7 25. Rg7 Nd8 26. Bh4 Nc3+ 27. bxc3 bxc3 28. Bxe7 Qxe7
29. Ka1 Rc5 30. Rb1 Qc7 31. Nfd4 Rf8 32. Nb3 Rc6 33. Nbd4 Rc5 34. Bg6 Rc4 35.
Qf6 Bc8 36. Bxf7+ Nxf7 37. Nxe6 Qxe5 38. Qxe5 Nxe5 39. Nxf8 Kxf8 40. Rg3 d4 41.
Rd1 Nc6 42. Rgd3 Bg4 43. f3 Bf5 44. Rxd4 Nxd4 45. Rxd4 Rc6 46. Rf4 Rc5 47. g4
Ke7 48. Rxf5 Rc6 49. Kb1 Ke6 50. Nd4+ 1-0

[Event "17th Dubai Chess Open"]
[Site "Dubai UAE"]
[Date "2015.04.12"]
[Round "7.40"]
[White "Soozankar, A.M."]
[Black "Kulkarni, Vinayak"]
[Result "0-1"]
[WhiteTitle "FM"]
[WhiteElo "2240"]
[BlackElo "2037"]
[WhiteFideId "12503029"]
[BlackFideId "5021332"]
[EventDate "2015.04.06"]

1. e4 c5 2. Nf3 Nc6 3. d4 cxd4 4. Nxd4 Nf6 5. Nc3 e5 6. Ndb5 d6 7. Bg5 a6 8. Na3
b5 9. Bxf6 gxf6 10. Nd5 f5 11. Bd3 Be6 12. O-O Bxd5 13. exd5 Ne7 14. Nxb5 Bg7
15. Nc3 O-O 16. Bc4 Ng6 17. Qh5 Qc8 18. Bb3 Rb8 19. Ne2 f4 20. Rad1 f5 21. Rd3
Rf6 22. Rc3 Qb7 23. Kh1 Ne7 24. Ng1 Rh6 25. Qe2 Kh8 26. Rh3 Rg6 27. Rd1 Ng8 28.
Rh5 Nf6 29. Rxf5 Qd7 30. Rxf6 Bxf6 31. Nf3 Qg4 32. Rg1 Re8 33. Qe4 Bd8 34. h3
Qh5 35. Ba4 Re7 36. c3 Bb6 37. Bd1 Bxf2 38. Nh2 Qxh3 0-1

[Event "17th Dubai Chess Open"]
[Site "Dubai UAE"]
[Date "2015.04.13"]
[Round "8.1"]
[White "Shabalov, Alexander"]
[Black "Fedoseev, Vladimir3"]
[Result "1/2-1/2"]
[WhiteTitle "GM"]
[BlackTitle "GM"]
[WhiteElo "2511"]
[BlackElo "2674"]
[WhiteFideId "2008572"]
[BlackFideId "24130737"]
[EventDate "2015.04.06"]

1. d4 Nf6 2. c4 e6 3. Nf3 d5 4. Nc3 Bb4 5. Bg5 Nbd7 6. Rc1 O-O 7. e3 h6 8. Bh4
c5 9. cxd5 exd5 10. Bd3 g5 11. Bg3 Ne4 12. O-O Bxc3 13. bxc3 Ndf6 14. c4 cxd4
15. Nxd4 Bg4 16. Qe1 dxc4 17. Bxc4 Qe7 18. Qa5 Rfc8 19. Nf5 Bxf5 20. Qxf5 Kf8
21. Bb3 Rxc1 22. Rxc1 Nxg3 23. hxg3 Kg7 24. Rc4 Rd8 25. Qa5 b6 26. Qc3 Rd5 27.
Rc7 Rd7 28. Rc8 Rd8 29. Rc7 Rd7 30. Rc6 b5 31. e4 b4 32. Qa1 Rc7 33. Rxc7 Qxc7
34. e5 Ne4 35. e6+ Qc3 36. Qxc3+ bxc3 37. e7 Nd6 1/2-1/2

[Event "17th Dubai Chess Open"]
[Site "Dubai UAE"]
[Date "2015.04.13"]
[Round "8.2"]
[White "Howell, David W L"]
[Black "Guseinov, Gadir"]
[Result "1-0"]
[WhiteTitle "GM"]
[BlackTitle "GM"]
[WhiteElo "2686"]
[BlackElo "2614"]
[WhiteFideId "410608"]
[BlackFideId "13401378"]
[EventDate "2015.04.06"]

1. e4 c5 2. Nf3 Nc6 3. c3 d5 4. exd5 Qxd5 5. d4 Bg4 6. Be2 e6 7. h3 Bxf3 8. Bxf3
Qd7 9. dxc5 Qxd1+ 10. Kxd1 Bxc5 11. Rf1 Nf6 12. Nd2 O-O-O 13. Kc2 Nd5 14. Nc4
Be7 15. a4 h6 16. a5 Bg5 17. a6 b6 18. Bxg5 hxg5 19. Rfe1 Nde7 20. b4 Rh4 21.
Kb3 Kc7 22. Rad1 Rhh8 23. Ra1 Ng6 24. Be4 Nge5 25. Na3 Rd2 26. Nb5+ Kb8 27. Ra2
Rxa2 28. Kxa2 Rd8 29. Re2 Ne7 30. Kb3 N5c6 31. Re3 Rd2 32. Rg3 g6 33. Bxc6 Nxc6
34. Rxg5 Rxf2 35. Rg4 e5 36. Rh4 Rd2 37. Rc4 Nd8 38. Rc7 Rd5 39. Kc4 Rd6 40.
Rxa7 Rc6+ 41. Kd5 Rxc3 42. Nxc3 Kxa7 43. b5 f6 44. Ke4 1-0

[Event "17th Dubai Chess Open"]
[Site "Dubai UAE"]
[Date "2015.04.13"]
[Round "8.3"]
[White "Safarli, Eltaj"]
[Black "Grandelius, Nils"]
[Result "1-0"]
[WhiteTitle "GM"]
[BlackTitle "GM"]
[WhiteElo "2641"]
[BlackElo "2603"]
[WhiteFideId "13402129"]
[BlackFideId "1710400"]
[EventDate "2015.04.06"]

1. e4 c5 2. Nf3 d6 3. Bb5+ Nd7 4. O-O a6 5. Bd3 Ngf6 6. Re1 b5 7. c4 bxc4 8.
Bxc4 Nb6 9. Bb3 e5 10. d3 Be7 11. a4 Rb8 12. a5 Na8 13. Na3 O-O 14. Nc4 Nc7 15.
Nb6 Be6 16. Bxe6 Nxe6 17. Be3 Nd7 18. Nc4 Qc7 19. Qa4 Qb7 20. Bd2 Qb5 21. Qd1
Rfe8 22. Bc3 Nd4 23. Nfd2 Qc6 24. Ne3 Bg5 25. Ndc4 Nf6 26. Nb6 Nb5 27. Nec4 Rbd8
28. Qf3 h5 29. Nd5 h4 30. Qf5 Nh7 31. g3 g6 32. Qg4 f5 33. Qf3 Qd7 34. Qg2 hxg3
35. hxg3 Bh6 36. Qh3 Bg7 37. Kg2 Qf7 38. Rh1 Ng5 39. Qh4 fxe4 40. Qxg5 Qxd5 41.
Ne3 Qf7 42. dxe4 Rf8 43. Ng4 Qf3+ 44. Kg1 Qxe4 45. Nh6+ Bxh6 46. Rxh6 Kg7 47.
Rh4 Qf5 48. Qh6+ Kf7 49. Rf4 exf4 50. Re1 1-0

[Event "17th Dubai Chess Open"]
[Site "Dubai UAE"]
[Date "2015.04.13"]
[Round "8.4"]
[White "Solodovnichenko, Yuri"]
[Black "Solak, Dragan"]
[Result "0-1"]
[WhiteTitle "GM"]
[BlackTitle "GM"]
[WhiteElo "2584"]
[BlackElo "2607"]
[WhiteFideId "14104369"]
[BlackFideId "916811"]
[EventDate "2015.04.06"]

1. e4 c6 2. d4 d5 3. e5 Bf5 4. Nf3 e6 5. Be2 Nd7 6. O-O Bg6 7. Nbd2 Nh6 8. Nb3
Rc8 9. Bd2 Be7 10. c4 dxc4 11. Na5 b5 12. Qe1 c5 13. Nb7 Qb6 14. Nxc5 Nxc5 15.
dxc5 Bxc5 16. b3 O-O 17. bxc4 b4 18. Nh4 Nf5 19. Nxg6 fxg6 20. Rb1 a5 21. Kh1
Qc6 22. Bf3 Qd7 23. Be4 Qd4 24. Bb7 Rc7 25. Ba6 Qd3 26. Bb5 Nd4 27. Ba4 Qxc4 28.
Rb2 Qd5 29. f4 g5 30. Be3 gxf4 31. Rxf4 Qxe5 32. Rxf8+ Bxf8 33. Rb1 Nc2 34. Bxc2
Rxc2 0-1

[Event "17th Dubai Chess Open"]
[Site "Dubai UAE"]
[Date "2015.04.13"]
[Round "8.5"]
[White "Kuzubov, Yuriy"]
[Black "Mammadov, Zaur"]
[Result "1/2-1/2"]
[WhiteTitle "GM"]
[BlackTitle "IM"]
[WhiteElo "2667"]
[BlackElo "2470"]
[WhiteFideId "14112906"]
[BlackFideId "13401033"]
[EventDate "2015.04.06"]

1. d4 d5 2. c4 c6 3. Nf3 Nf6 4. Nc3 e6 5. Bg5 Nbd7 6. e3 Qa5 7. cxd5 Nxd5 8. Rc1
h6 9. Bh4 Nxc3 10. bxc3 Ba3 11. Rc2 O-O 12. Bd3 b6 13. Qe2 Bb7 14. Nd2 Rfe8 15.
O-O Qa4 16. Nc4 Ba6 17. e4 Bf8 18. Rd2 c5 19. Ne3 Bxd3 20. Rxd3 cxd4 21. cxd4
Qb5 22. Rfd1 Rac8 23. Qd2 Qb4 24. Qxb4 Bxb4 25. f3 Bd6 26. Bg3 Bxg3 27. hxg3 g6
28. Ra3 Rc7 29. Kf2 Kg7 30. Ke2 Rec8 31. Rd2 h5 32. e5 a5 33. f4 Rc3 34. Rxc3
Rxc3 35. Rb2 Ra3 36. g4 hxg4 37. Nxg4 Ra4 38. Kd3 Ra3+ 39. Kc4 Ra4+ 40. Kd3 Ra3+
41. Ke2 Ra4 42. Kd3 Ra3+ 43. Ke4 Ra4 44. Ke3 Ra3+ 45. Ke4 Ra4 46. Ke3 Ra3+ 1/2-1/2

[Event "17th Dubai Chess Open"]
[Site "Dubai UAE"]
[Date "2015.04.13"]
[Round "8.6"]
[White "Shimanov, Aleksandr"]
[Black "Petrosian, Tigran L."]
[Result "1-0"]
[WhiteTitle "GM"]
[BlackTitle "GM"]
[WhiteElo "2594"]
[BlackElo "2671"]
[WhiteFideId "4198603"]
[BlackFideId "13301616"]
[EventDate "2015.04.06"]

1. d4 d6 2. Nf3 g6 3. g3 Bg7 4. Bg2 f5 5. O-O Nf6 6. b3 O-O 7. Bb2 Ne4 8. Nbd2
Nc6 9. Ne1 Nxd2 10. Qxd2 Qe8 11. f4 e5 12. Bd5+ Kh8 13. dxe5 dxe5 14. Nd3 exf4
15. Bxg7+ Kxg7 16. Rxf4 Qd8 17. e4 Qf6 18. Re1 Qd4+ 19. Kg2 fxe4 20. Bxc6 Rxf4
21. Qxf4 bxc6 22. Rxe4 Qd6 23. g4 Qxf4 24. Rxf4 Be6 25. Ra4 g5 26. Nc5 Bd5+ 27.
Kg3 Rf8 28. c4 Rf3+ 29. Kg2 Rc3+ 30. Kf2 Rc2+ 31. Ke3 Bh1 32. Rxa7 Kg6 33. a4
Rxh2 34. a5 Ra2 35. a6 Ra5 36. Kd4 Bf3 37. Rxc7 h5 38. gxh5+ Kxh5 39. Rg7 g4 40.
Rg8 Kh4 41. Ke3 Kg3 42. b4 Ra3+ 43. Kd4 Kf2 44. b5 cxb5 45. cxb5 g3 46. b6 Ra1
47. b7 Rb1 48. b8=Q Rxb8 49. Rxb8 g2 50. Rg8 Bc6 51. Nb7 Kf3 52. Kc5 Bd7 53.
Rxg2 1-0

[Event "17th Dubai Chess Open"]
[Site "Dubai UAE"]
[Date "2015.04.13"]
[Round "8.7"]
[White "Mchedlishvili, Mikheil"]
[Black "Zhigalko, Sergei"]
[Result "1/2-1/2"]
[WhiteTitle "GM"]
[BlackTitle "GM"]
[WhiteElo "2586"]
[BlackElo "2675"]
[WhiteFideId "13600966"]
[BlackFideId "13502956"]
[EventDate "2015.04.06"]

1. d4 Nf6 2. c4 e6 3. Nf3 b6 4. g3 Ba6 5. b3 Bb4+ 6. Bd2 Be7 7. Bg2 c6 8. Bc3 d5
9. Ne5 Nfd7 10. Nxd7 Nxd7 11. Nd2 O-O 12. O-O f5 13. a4 Nf6 14. a5 Bd6 15. Ra2
Qe7 16. Qa1 b5 17. c5 Bc7 18. b4 Bc8 19. Nf3 Ne4 20. Ne5 Bxe5 21. dxe5 Nxc3 22.
Qxc3 Bd7 23. f4 Be8 24. Bf3 g5 25. e3 g4 26. Bd1 h5 27. h3 Bg6 28. Rh2 Rad8 29.
hxg4 hxg4 30. Qd4 a6 31. Kf2 1/2-1/2

[Event "17th Dubai Chess Open"]
[Site "Dubai UAE"]
[Date "2015.04.13"]
[Round "8.8"]
[White "Vocaturo, Daniele"]
[Black "Ivanisevic, Ivan"]
[Result "0-1"]
[WhiteTitle "GM"]
[BlackTitle "GM"]
[WhiteElo "2579"]
[BlackElo "2638"]
[WhiteFideId "813192"]
[BlackFideId "912417"]
[EventDate "2015.04.06"]

1. d4 Nf6 2. c4 c5 3. d5 b5 4. cxb5 a6 5. f3 g6 6. e4 Bg7 7. Nc3 O-O 8. bxa6 e6
9. Bc4 exd5 10. Nxd5 Nc6 11. Ne2 Ne5 12. Nxf6+ Qxf6 13. Bd5 Bxa6 14. O-O Rab8
15. f4 Nd3 16. e5 Qb6 17. Rf3 c4+ 18. Be3 Qa5 19. Nc3 Rxb2 20. Bd4 d6 21. Re3
Nxf4 22. Qg4 dxe5 23. Rxe5 Bxe5 24. Bxe5 Qb6+ 25. Kh1 Nxd5 26. Bd4 f5 27. Qh4
Qd8 28. Qe1 Re8 0-1

[Event "17th Dubai Chess Open"]
[Site "Dubai UAE"]
[Date "2015.04.13"]
[Round "8.9"]
[White "Istratescu, Andrei"]
[Black "Banusz, Tamas"]
[Result "1-0"]
[WhiteTitle "GM"]
[BlackTitle "GM"]
[WhiteElo "2630"]
[BlackElo "2585"]
[WhiteFideId "1200372"]
[BlackFideId "722413"]
[EventDate "2015.04.06"]

1. d4 d5 2. c4 e6 3. Nc3 Nf6 4. cxd5 exd5 5. Bg5 c6 6. e3 Be7 7. Bd3 Nbd7 8. Qc2
Nh5 9. Bxe7 Qxe7 10. Nge2 Nb6 11. h3 g6 12. O-O-O Ng7 13. Ng3 Be6 14. Kb1 O-O-O
15. f3 Kb8 16. Qf2 c5 17. dxc5 Qxc5 18. Nge2 Bd7 19. Nd4 Ne6 20. Nxe6 fxe6 21.
h4 e5 22. h5 Bf5 23. Qe2 d4 24. exd4 exd4 25. Ne4 Qe5 26. g4 Bd7 27. Qh2 Qxh2
28. Rxh2 Rhf8 29. hxg6 hxg6 30. Ng5 Rf6 31. Rh6 Bc6 32. Bf5 Bd7 33. Bxd7 Rxd7
34. Rh8+ Kc7 35. Rc1+ Rc6 36. Ne6+ Kd6 37. Nxd4 Rxc1+ 38. Kxc1 Ke5 39. Ne2 Nd5
40. Re8+ Kf6 41. Re4 g5 42. a3 Rh7 43. Kc2 Rh3 44. Nd4 Nf4 45. Re8 Rh2+ 46. Kc3
Nd5+ 47. Kc4 Nb6+ 48. Kb3 Nd7 49. Kc3 Nb6 50. b3 Ra2 51. Re6+ Kf7 52. Re5 Kf6
53. Rf5+ Kg6 54. Nc2 1-0

[Event "17th Dubai Chess Open"]
[Site "Dubai UAE"]
[Date "2015.04.13"]
[Round "8.10"]
[White "Perunovic, Milos"]
[Black "Ehlvest, Jaan"]
[Result "1/2-1/2"]
[WhiteTitle "GM"]
[BlackTitle "GM"]
[WhiteElo "2632"]
[BlackElo "2547"]
[WhiteFideId "921629"]
[BlackFideId "4500016"]
[EventDate "2015.04.06"]

1. e4 d6 2. d4 g6 3. Nc3 c6 4. f4 d5 5. e5 h5 6. Nf3 Nh6 7. Be3 Bg4 8. h3 Nf5 9.
Bf2 Bxf3 10. Qxf3 h4 11. Bd3 e6 12. O-O a5 13. Ne2 Na6 14. c3 Be7 15. b3 Kf8 16.
Kh2 Kg7 17. Rfd1 Ba3 18. Ng1 Qg8 19. Qe2 Qh7 20. Nf3 Be7 21. c4 Qh6 22. Qd2 Nc7
23. c5 Rhb8 24. a3 b5 25. a4 b4 26. Re1 Rh8 27. Bxf5 gxf5 28. Rg1 Kf8 29. g4
hxg3+ 30. Rxg3 Ne8 31. Kg1 Bh4 32. Rg2 Be7 33. Rg3 Bh4 1/2-1/2

[Event "17th Dubai Chess Open"]
[Site "Dubai UAE"]
[Date "2015.04.13"]
[Round "8.11"]
[White "Rakhmanov, Aleksandr"]
[Black "Das, Sayantan"]
[Result "1-0"]
[WhiteTitle "GM"]
[BlackTitle "IM"]
[WhiteElo "2639"]
[BlackElo "2434"]
[WhiteFideId "4173708"]
[BlackFideId "5034426"]
[EventDate "2015.04.06"]

1. d4 d5 2. c4 e6 3. Nc3 Bb4 4. e3 Nf6 5. a3 Bxc3+ 6. bxc3 O-O 7. cxd5 exd5 8.
Bd3 c5 9. Ne2 b6 10. O-O Ba6 11. f3 Bxd3 12. Qxd3 Nc6 13. e4 h6 14. e5 Ne8 15.
Nf4 Rc8 16. Be3 c4 17. Qf5 Ne7 18. Qh3 Rc6 19. a4 f5 20. exf6 Rfxf6 21. Rae1 Ng6
22. Nh5 Rf7 23. f4 Nf6 24. f5 Nxh5 25. Qxh5 Nf8 26. Bf4 Qd7 27. Be5 Nh7 28. h4
a6 29. Qf3 Nf6 30. Bxf6 Rcxf6 31. Re5 Qxa4 32. g4 g6 33. Rxd5 Kg7 34. Rd8 gxf5
35. g5 Re6 36. Qa8 Kg6 37. Rg8+ Rg7 38. h5+ 1-0

[Event "17th Dubai Chess Open"]
[Site "Dubai UAE"]
[Date "2015.04.13"]
[Round "8.12"]
[White "Ipatov, Alexander"]
[Black "Rathnakaran, K."]
[Result "1-0"]
[WhiteTitle "GM"]
[BlackTitle "IM"]
[WhiteElo "2592"]
[BlackElo "2411"]
[WhiteFideId "14116731"]
[BlackFideId "5005507"]
[EventDate "2015.04.06"]

1. d4 Nf6 2. c4 c5 3. d5 e6 4. Nc3 exd5 5. cxd5 d6 6. e4 g6 7. Bd3 Bg7 8. h3 O-O
9. Nf3 a6 10. a4 Nbd7 11. O-O Nh5 12. Bg5 Bf6 13. Be3 Re8 14. Qc2 Rb8 15. a5 b5
16. axb6 Rxb6 17. Nd2 Bd4 18. Nc4 Bxe3 19. fxe3 Ne5 20. Nxb6 Qxb6 21. Qf2 Re7
22. Be2 Ng7 23. Ra2 Ne8 24. Qh4 Ra7 25. Rfa1 c4 26. Qe1 Qd8 27. Kh2 f5 28. exf5
gxf5 29. Nb5 Rg7 30. Rxa6 Bxa6 31. Rxa6 Nc7 32. Nxc7 Rxc7 33. Qg3+ Kf8 34. Qf4
Qf6 35. e4 Rb7 36. Ra8+ Ke7 37. exf5 Rxb2 38. Ra7+ Kf8 39. Ra8+ Ke7 40. Ra7+ Kf8
41. Bh5 Rb3 42. Ra8+ Kg7 43. Re8 Nf7 44. Re6 Qg5 45. Qxg5+ Nxg5 46. f6+ Kh6 47.
f7+ Kg7 48. Re8 Nxf7 49. Re7 Kf6 50. Rxf7+ Ke5 51. Rxh7 Kxd5 52. Bf7+ Kc5 53.
Rh5+ Kb4 54. Rd5 1-0

[Event "17th Dubai Chess Open"]
[Site "Dubai UAE"]
[Date "2015.04.13"]
[Round "8.13"]
[White "Kovalenko, Igor"]
[Black "Georgiadis, Nico"]
[Result "1-0"]
[WhiteTitle "GM"]
[BlackTitle "IM"]
[WhiteElo "2661"]
[BlackElo "2468"]
[WhiteFideId "14117908"]
[BlackFideId "1300113"]
[EventDate "2015.04.06"]

1. d4 Nf6 2. Nf3 d5 3. c4 e6 4. Nc3 Bb4 5. cxd5 exd5 6. Bg5 h6 7. Bxf6 Qxf6 8.
Qa4+ Nc6 9. e3 O-O 10. Be2 Be6 11. O-O a6 12. Rfc1 Bd6 13. Qd1 Ne7 14. a3 Rfe8
15. b4 Ng6 16. Na4 b6 17. Nc3 Nh4 18. Nxh4 Qxh4 19. g3 Qg5 20. Bf3 Rad8 21. Qf1
b5 22. Qg2 c6 23. Ne2 Bd7 24. Nc3 a5 25. bxa5 Ra8 26. a4 b4 27. Ne2 Rxa5 28. Nf4
Rb8 29. Bd1 c5 30. dxc5 Bxc5 31. Bb3 d4 32. e4 d3 33. Rd1 Bd4 34. Rxd3 Bxa1 35.
Rxd7 Kh7 36. Rxf7 Qc5 37. Qh3 Rf8 38. Qe6 Rxf7 39. Qxf7 Ra8 40. e5 Rf8 41. Qg6+
Kh8 42. Bc2 1-0

[Event "17th Dubai Chess Open"]
[Site "Dubai UAE"]
[Date "2015.04.13"]
[Round "8.14"]
[White "Bartel, Mateusz"]
[Black "Sagar, Shah"]
[Result "1-0"]
[WhiteTitle "GM"]
[BlackTitle "IM"]
[WhiteElo "2627"]
[BlackElo "2458"]
[WhiteFideId "1112635"]
[BlackFideId "5022509"]
[EventDate "2015.04.06"]

1. Nf3 c5 2. e4 Nc6 3. Bb5 e6 4. O-O Nge7 5. c3 a6 6. Ba4 b5 7. Bc2 d5 8. a4 b4
9. d4 cxd4 10. cxd4 dxe4 11. Bxe4 Nd5 12. Nbd2 a5 13. Nc4 Be7 14. Ne3 Bb7 15.
Nxd5 exd5 16. Bd3 O-O 17. Bf4 Ba6 18. Rc1 Qb6 19. Re1 Bxd3 20. Qxd3 Bf6 21. Be5
Bxe5 22. dxe5 Ne7 23. Nd4 Rac8 24. Rxc8 Rxc8 25. e6 fxe6 26. Nxe6 Qd6 27. h4 Rc4
28. Qf3 Ng6 29. g3 h6 30. Qf5 Nxh4 31. gxh4 Rxh4 32. Nf4 1-0

[Event "17th Dubai Chess Open"]
[Site "Dubai UAE"]
[Date "2015.04.13"]
[Round "8.15"]
[White "Iturrizaga Bonelli, Eduardo"]
[Black "Pascua, Haridas"]
[Result "1-0"]
[WhiteTitle "GM"]
[BlackTitle "IM"]
[WhiteElo "2630"]
[BlackElo "2423"]
[WhiteFideId "3901211"]
[BlackFideId "5203953"]
[EventDate "2015.04.06"]

1. d4 Nf6 2. c4 g6 3. Nc3 d5 4. e3 Bg7 5. Qb3 dxc4 6. Bxc4 O-O 7. Nf3 Nc6 8. Be2
Qd6 9. Nb5 Qd8 10. Nc3 Qd6 11. O-O Be6 12. Qa4 Qb4 13. Bd2 Qxa4 14. Nxa4 Ne4 15.
Rfc1 Nxd2 16. Nxd2 Rac8 17. Nc5 Nd8 18. a4 c6 19. b4 Bf5 20. g4 Be6 21. f4 b6
22. Nd3 Bd5 23. Bf3 Nb7 24. Rc2 Bxf3 25. Nxf3 Rc7 26. a5 Rfc8 27. axb6 axb6 28.
Ra6 b5 29. Nfe5 Bxe5 30. Nxe5 f6 31. Nxc6 Nd6 32. Rc5 Kf7 33. Na7 Ne4 34. Nxc8
Nxc5 35. dxc5 1-0

[Event "17th Dubai Chess Open"]
[Site "Dubai UAE"]
[Date "2015.04.13"]
[Round "8.16"]
[White "Laxman, R.R."]
[Black "Gupta, Abhijeet"]
[Result "1-0"]
[WhiteTitle "GM"]
[BlackTitle "GM"]
[WhiteElo "2375"]
[BlackElo "2625"]
[WhiteFideId "5005361"]
[BlackFideId "5010608"]
[EventDate "2015.04.06"]

1. d4 Nf6 2. Nf3 g6 3. Bg5 Bg7 4. Nbd2 O-O 5. e3 d6 6. Bd3 Nbd7 7. O-O h6 8. Bh4
e5 9. c3 Qe8 10. e4 Nh5 11. Re1 Nf4 12. Bf1 Nf6 13. dxe5 dxe5 14. Nc4 N6h5 15.
Qb3 b6 16. a4 Bg4 17. Nfd2 g5 18. Bg3 Rd8 19. Qc2 Qd7 20. Nb3 a5 21. Ne3 Be6 22.
Bb5 Qc8 23. Rad1 Qb7 24. f3 Bf6 25. Bf2 Be7 26. Bf1 Ng7 27. Nc1 Bc5 28. Nd3 Nxd3
29. Rxd3 Rxd3 30. Qxd3 Qc6 31. Qd1 Qa8 32. Re2 Rd8 33. Rd2 Rxd2 34. Qxd2 Ne8 35.
h4 gxh4 36. Bxh4 Qc6 37. Bb5 Qd6 38. Qe1 Ng7 39. Kh2 Nh5 40. g3 Kf8 41. Qc1 Kg7
42. Nc4 Bxc4 43. Bxc4 Kf8 44. Qc2 Be3 45. Qe2 Bg5 46. Bxg5 hxg5 47. Qe3 Qd8 48.
Bd5 f5 49. Qe2 Kg7 50. Kg2 Nf6 51. Be6 f4 52. g4 Qd6 53. Bb3 Kf8 54. Kf1 Qc5 55.
Qa6 Qe7 56. Qc8+ Kg7 57. Be6 Ne8 58. Ke2 Nf6 59. Kd3 Qd6+ 60. Kc2 Qc6 61. Kb3
Qd6 62. Ka2 Qe7 63. Bb3 Qd7 64. Qa6 Qc6 65. Qd3 Nd7 66. Kb1 Kf6 67. Bc4 Ke7 68.
b3 Qd6 69. Qe2 Qh6 70. Kc2 Qh1 71. Kb2 Nc5 72. Bg8 Kd7 73. Qb5+ Kd8 74. Bf7 Nd7
75. Qd3 Qh2+ 76. Ka3 Qg1 77. Ka2 Qf2+ 78. Kb1 Qe1+ 79. Kc2 Qf2+ 80. Kb1 Qe1+ 81.
Kc2 Ke7 82. Bc4 c6 83. Kb2 Nc5 84. Qc2 Qh1 85. b4 Nb7 86. Qf2 c5 87. Bd5 axb4
88. cxb4 Qh4 89. Qc2 Qe1 90. Bxb7 Qxb4+ 91. Ka2 Kd6 92. Ba6 Kc7 93. Bb5 Qd4 94.
Qb2 Qd6 95. Bc4 Kc8 96. Bd5 Qd7 97. Qb5 Qxb5 98. axb5 Kc7 99. Kb3 Kd6 100. Kc4
Ke7 101. Bg8 Kd6 102. Bf7 Ke7 103. Bg6 Ke6 104. Bh7 1-0

[Event "17th Dubai Chess Open"]
[Site "Dubai UAE"]
[Date "2015.04.13"]
[Round "8.17"]
[White "Sundararajan, Kidambi"]
[Black "Fier, Alexandr"]
[Result "0-1"]
[WhiteTitle "GM"]
[BlackTitle "GM"]
[WhiteElo "2433"]
[BlackElo "2601"]
[WhiteFideId "5005370"]
[BlackFideId "2107139"]
[EventDate "2015.04.06"]

1. c4 e5 2. Nc3 Nf6 3. Nf3 Nc6 4. g3 Bc5 5. Bg2 d6 6. O-O a6 7. e3 Ba7 8. b3 O-O
9. Bb2 Bg4 10. h3 Bh5 11. d3 h6 12. Ne2 Re8 13. e4 Nd7 14. g4 Bg6 15. Kh1 Nc5
16. Qd2 Ne6 17. Nh2 Ncd4 18. Nxd4 Bxd4 19. Bxd4 Nxd4 20. f4 exf4 21. Qxf4 b5 22.
Qf2 c5 23. Nf3 Nc6 24. Rad1 bxc4 25. bxc4 Qc7 26. h4 f6 27. g5 fxg5 28. hxg5 Bh5
29. Qh4 Bxf3 30. Rxf3 Ne5 31. Rh3 Re6 32. gxh6 Rxh6 33. Qg3 Rxh3+ 34. Bxh3 g6
35. Rf1 Qe7 36. Rf2 Kg7 37. Kg1 Rh8 38. Bf1 Rh5 39. Rg2 Qe6 40. Be2 Rh3 41. Qg5
Rxd3 42. Rh2 Rh3 43. Rxh3 Qxh3 44. Qe7+ Nf7 45. Kf2 Qh2+ 46. Ke3 Qg1+ 47. Kf3
Qa1 48. Kg3 Qxa2 49. Bg4 Qb3+ 50. Kg2 Qb2+ 51. Kh3 Qf6 0-1

[Event "17th Dubai Chess Open"]
[Site "Dubai UAE"]
[Date "2015.04.13"]
[Round "8.18"]
[White "Kulkarni, Rakesh"]
[Black "Volkov, Sergey"]
[Result "0-1"]
[BlackTitle "GM"]
[WhiteElo "2282"]
[BlackElo "2614"]
[WhiteFideId "5037077"]
[BlackFideId "4122763"]
[EventDate "2015.04.06"]

1. e4 e6 2. d4 d5 3. Nd2 Nf6 4. e5 Nfd7 5. Bd3 c5 6. c3 Nc6 7. Ne2 cxd4 8. cxd4
f6 9. exf6 Nxf6 10. Nf3 Bd6 11. O-O O-O 12. Bf4 Bxf4 13. Nxf4 Ne4 14. Qc1 Ng5
15. Nxg5 Qxg5 16. Ne2 Qf6 17. Qc2 g6 18. Rad1 Bd7 19. Bb5 Rac8 20. Qd2 Nb8 21.
Bxd7 Nxd7 22. Rc1 Nb8 23. f3 Nc6 24. Rc3 Rcd8 25. b4 a6 26. a4 Rf7 27. Rb1 Ne7
28. Rbc1 Nf5 29. Rc7 Nd6 30. Rxf7 Qxf7 31. Qg5 Rf8 32. Rc5 Ne4 33. Qe3 Nxc5 34.
dxc5 e5 35. Kf2 Qe7 36. g3 a5 37. Nf4 e4 38. h4 axb4 39. Qd4 exf3 40. Kxf3 Qe4+
41. Qxe4 dxe4+ 42. Kxe4 Rd8 43. Nd3 b3 44. Ke3 Kf7 0-1

[Event "17th Dubai Chess Open"]
[Site "Dubai UAE"]
[Date "2015.04.13"]
[Round "8.19"]
[White "Prohaszka, Peter2"]
[Black "Karavade, Eesha"]
[Result "1/2-1/2"]
[WhiteTitle "GM"]
[BlackTitle "IM"]
[WhiteElo "2597"]
[BlackElo "2405"]
[WhiteFideId "726265"]
[BlackFideId "5012600"]
[EventDate "2015.04.06"]

1. Nf3 Nf6 2. c4 e6 3. g3 d5 4. Bg2 Be7 5. d4 O-O 6. O-O dxc4 7. Qc2 a6 8. a4
Bd7 9. Qxc4 Bc6 10. Bf4 Bd6 11. Bg5 Nbd7 12. Nc3 h6 13. Bxf6 Nxf6 14. a5 Qe7 15.
Rfe1 Bxf3 16. Bxf3 c6 17. Red1 Rac8 18. Qb3 Rfd8 19. e3 e5 20. d5 e4 21. Bg2 Bb4
22. Bh3 Rc7 23. dxc6 Rxd1+ 24. Rxd1 Rxc6 25. Nd5 Nxd5 26. Rxd5 Rc7 27. Bf5 Bc5
28. Kg2 Kf8 29. Qa4 g6 30. Bxe4 Qf6 31. b4 Be7 32. Rd4 Qe5 33. Bd5 Bf6 34. Qb3
Kg7 35. h4 Qh5 36. Rf4 Qe2 37. Rc4 Rxc4 38. Bxc4 Qb2 39. Qa4 Qe5 40. Be2 Qd6 41.
b5 axb5 42. Qxb5 Bc3 43. h5 g5 44. Bc4 Qc7 45. a6 bxa6 46. Qxa6 Qe7 47. Qc6 Qf6
48. Qe4 Be1 49. f3 Qd6 50. f4 gxf4 51. exf4 Qd2+ 52. Kh3 Qd7+ 53. Kg2 Qd2+ 54.
Be2 Qd6 55. Bd3 Bc3 56. Bc4 Qd2+ 57. Kh3 Qd7+ 58. Kg2 Qd4 59. Qe2 Qd2 1/2-1/2